Els Joves sense titulació : anàlisi de les accions subvencionades pel Fons Social Europeu Objectiu 3 que han beneficiat aquest col·lectiu en el període 1994 - 1996 anàlisi de les accions subvencionades pel Fons Social Europeu Objectiu 3 que han beneficiat aquest col·lectiu en el període 1994 - 1996
ISBN:
84-7794-570-5
Descripción Física:
142 p., taules ; 24 cm
Colección:
Quaderns del Fons Social Europeu ; 2
Materias:
Joves -- Treball
MARC
| LEADER | 00000nam a2200000Ia 4500 | ||
|---|---|---|---|
| 001 | 12081 | ||
| 008 | 160829s1998 xx 000 0 cat d | ||
| 020 | |a 84-7794-570-5 | ||
| 080 | |a S-1-28 | ||
| 245 | |a Els Joves sense titulació : |b anàlisi de les accions subvencionades pel Fons Social Europeu Objectiu 3 que han beneficiat aquest col·lectiu en el període 1994 - 1996 | ||
| 260 | |a Barcelona : |b Diputació de Barcelona, |c 1998 | ||
| 300 | |a 142 p., taules ; |c 24 cm | ||
| 490 | |a Quaderns del Fons Social Europeu ; 2 | ||
| 590 | |a Hi ha un exemplar en castellà amb R. 17750 | ||
| 650 | 0 | |a Joves |x Treball |9 26777 | |
| 710 | 1 | |a Barcelona (Catalunya : Província). |b Diputació |9 52408 | |
| 710 | 2 | |a Fons Social Europeu |9 7014 | |
| 901 | |a Arxiu | ||
| 942 | |n 1 | ||
| 952 | |0 0 |1 0 |4 0 |6 S128 |7 1 |9 46674 |a Arxiu |b Arxiu |d 2016-12-01 |l 0 |o S-1-28 |p 12081 |r 2016-12-01 00:00:00 |w 2016-12-01 |y ARXIU | ||
| 999 | |c 50467 |d 50467 | ||